=LDR 00000nam 2200000 4500 =001 INLIS000000000041863 =005 20200326070058 =035 ##$$a 0010-061300000041863 =008 200326################g##########0#ind## =041 ##$$a Ind =082 ##$$a 297.633 =090 ##$$a 297, abn m =100 ##$$a Abu Ahmadi =245 1#$$a Mutiara isra' mi'raj, /$c Drs.Abu Ahmadi =260 ##$$a Surabaya :$b Amzah,$c 2008 =300 ##$$a viii, 133 hlm. ; $c 19 x 13 cm. =650 #4$$a Isra' Mi'raj - Islam =850 ##$$a NBPNMAT =020 ##$$a 979-9392-04-7 =084 ##$$a 297.633 ABU m =250 ##$$a Cet. 4 =990 ##$$a 51200493